Countries that have IKEAs - Statistics

General Stats
  • This quiz has been taken 108 times
  • The average score is 45 of 55
Answer Stats
Number of Stores Country Year of First Store % Correct
42 USA 1985
99%
12 Canada 1975
98%
23 China 1989
98%
18 UK 1987
98%
20 Sweden 1943
97%
14 Russia 2000
96%
5 Finland 1996
94%
7 Norway 1963
94%
20 Spain 1998
94%
8 Japan 1974
93%
7 Austria 1977
92%
4 Portugal 2004
92%
9 Australia 1975
91%
8 Belgium 1984
91%
32 France 1981
91%
50 Germany 1974
91%
21 Italy 1958
91%
13 Netherlands 1978
90%
9 Poland 1981
89%
0 Brazil TBA
88%
5 Denmark 1969
88%
1 Ireland 2009
88%
5 Greece 2001
87%
0 India 2017
86%
9 Switzerland 1973
86%
5 Turkey 2005
86%
1 Iceland 1981
84%
0 Latvia TAB
84%
1 Romania 2007
84%
1 Croatia 2014
83%
2 Hungary 1990
83%
0 Estonia 2019
82%
1 Lithuania 2013
82%
1 Slovakia 1992
81%
4 Czech Republic 1991
80%
1 South Korea 2014
80%
0 Ukraine TBA
80%
1 Indonesia 2014
79%
2 Bulgaria 2001
78%
1 Egypt 2013
76%
3 Saudi Arabia 1983
76%
0 Serbia 2016
76%
0 Slovenia 2018
76%
2 Singapore 1987
73%
2 UAE 1991
73%
1 Thailand 2011
71%
5 Taiwan 1994
69%
3 Israel 2001
66%
2 Malaysia 1996
66%
1 Qatar 2013
64%
0 Morocco 2016
58%
1 Kuwait 1984
56%
1 Cyprus 2007
54%
1 Jordan 2013
44%
2 Dominican Republic 2010
23%
No matching quizzes found
Score Distribution
Percent of People with Each Score
Percentile by Number Answered
Your Score History
You have not taken this quiz